Historia de la cultura griega
Kaydedildi:
| Yazar: | |
|---|---|
| Materyal Türü: | Kitap |
| Dil: | İspanyolca |
| Baskı/Yayın Bilgisi: |
Barcelona
Iberia
1947
|
| Seri Bilgileri: | Obras Maestras
|
| Konular: | |
| Etiketler: |
Etiketle
Etiket eklenmemiş, İlk siz ekleyin!
|
MARC
| LEADER | 00000nam a2200000 a 4500 | ||
|---|---|---|---|
| 001 | UCP4813 | ||
| 003 | CL-VaPUC | ||
| 008 | 990813e19470000SP |||||||||||||||||spa|d | ||
| 082 | 0 | 4 | |a 938 |b BUR |2 21 |
| 100 | 0 | |a Burckhardt, Jacob |e author |9 325782 | |
| 245 | 1 | 0 | |a Historia de la cultura griega |
| 300 | |a v | ||
| 942 | |c BK | ||
| 945 | |d 19990813 00:00:00 |a lriquelm | ||
| 260 | |a Barcelona |b Iberia |c 1947 | ||
| 600 | 0 | |a Homero |e autor |9 265577 | |
| 650 | 0 | |a Civilización griega |9 265578 | |
| 650 | 0 | |a Helenismo |9 267485 | |
| 650 | 0 | |a Arte |9 265238 | |
| 650 | 7 | |a GENEROS ARTISTICO |2 CL-VaPUC |9 432711 | |
| 650 | 0 | |a Escultura |9 265737 | |
| 650 | 0 | |a Pintura |9 265046 | |
| 650 | 0 | |a Arquitectura |9 804558 | |
| 650 | 7 | |a POESIA GRIEGA |2 CL-VaPUC |9 265054 | |
| 650 | 0 | |a Música |9 306269 | |
| 650 | 0 | |a Tragedia griega |9 265362 | |
| 650 | 7 | |a COMEDIAS |2 CL-VaPUC |9 420077 | |
| 650 | 0 | |a Oratoria |9 307605 | |
| 650 | 0 | |a Investigación científica |9 259857 | |
| 650 | 7 | |a HOMBRE |2 CL-VaPUC |9 262149 | |
| 651 | 0 | |a Grecia |9 265314 | |
| 583 | |a last modification |c 19990813 00:00:00 |k Rodrigo Vera | ||
| 490 | 0 | |a Obras Maestras | |
| 999 | |c 282710 |d 282708 | ||
| 952 | |0 0 |1 0 |4 0 |6 938_000000000000000_BUR_1947 |7 0 |8 X |9 324879 |a BIBHIS |b BIBHIS |d 2019-11-20 |h v.3 |i 135969K |o 938 BUR 1947 |p 135969K |r 2024-01-30 |w 2019-11-20 |y BK_X |k HIS | ||
| 952 | |0 0 |1 0 |4 0 |6 938_000000000000000_BUR_1947 |7 0 |8 X |9 324880 |a BIBHIS |b BIBHIS |d 2019-11-20 |h v.5 |i 1359703 |o 938 BUR 1947 |p 1359703 |r 2024-01-30 |w 2019-11-20 |y BK_X |k HIS | ||